|
|
|
|
| LEADER |
00000ny a22000003n 4500 |
| 005 |
20110525121723.0 |
| 008 |
080724s2003 sp s 000 0 spa c |
| 020 |
|
|
|a 8484940799
|
| 035 |
|
|
|a 577
|
| 040 |
|
|
|a UMA.RE
|d vLex
|
| 080 |
|
|
|a 338.246.025.88(460)(0.034)
|
| 090 |
|
|
|c 271
|d 271
|
| 100 |
1 |
|
|a Lp̤ez Porra︢, Juan Manuel
|
| 245 |
1 |
3 |
|a El control pb︢lico de las empresas privatizadas
|h [Recurso electrn̤ico]
|c Juan Manuel Lp̤ez Porra︢
|
| 256 |
|
|
|a Servicio en ln̕ea
|
| 260 |
|
|
|a [Madrid] :
|b Editoriales de Derecho Reunidas,
|c D.L. 2003
|
| 490 |
1 |
|
|a Cuadernos mercantiles
|
| 506 |
1 |
|
|a Contenido solo disponible en los productos indicados
|d vLex Global
|d vLex Global (Academic Edition, excluding Law Schools)
|d vLex Global (U.S. Academic Edition, Law Schools)
|d vLex Global (U.S. Academic Edition, excluding Law Schools)
|d vLex Global (Academic Edition, Law Schools)
|
| 650 |
0 |
7 |
|a Administrativo
|2 Tesauro vLex
|
| 650 |
0 |
7 |
|a Control de la administracin̤
|2 Tesauro vLex
|
| 650 |
0 |
7 |
|a Control administrativo
|2 Tesauro vLex
|
| 650 |
0 |
7 |
|a Privatizacin̤
|2 Tesauro vLex
|
| 740 |
0 |
|
|a vLex Libros (Servicios en ln̕ea)
|
| 830 |
0 |
|
|a Cuadernos mercantiles (Editoriales de Derecho Reunidas)
|
| 856 |
4 |
0 |
|u http://vlex.com/source/577
|z Acceso restringido
|
| 942 |
|
|
|c BOOK
|
| 999 |
0 |
|
|a Administrative law
|b Madrid
|